| 000 | 00472nam a2200145Ia 4500 | ||
|---|---|---|---|
| 008 | 100122s9999 xx 000 0 und d | ||
| 082 |
_b17492 _a821 |
||
| 100 | _aसावरकर बाळाराव | ||
| 245 | _aगोमंतक ( क.क्र.26/4 ) | ||
| 260 |
_bसावरकर प्रकाशन _c1971 |
||
| 300 | _a137 | ||
| 630 | _aगोमंतक ( क.क्र.26/4 ) | ||
| 730 | _aगोमंतक ( क.क्र.26/4 ) | ||
| 942 | _cBOOK | ||
| 999 |
_c407185 _d407182 |
||